Taylor Swift - Fortnight Lyrics Ft. Post Malone - Statistics

General Stats
  • This quiz has been taken 364 times
  • The average score is 277 of 321
Answer Stats
Answer % Correct
a
100%
to
100%
an
99%
for
99%
I
99%
the
99%
fortnight
98%
and
97%
And
97%
my
97%
My
97%
you
97%
me
95%
we
95%
But
94%
but
94%
in
94%
it
94%
was
94%
on
93%
there
93%
your
93%
Your
93%
her
92%
no
92%
were
92%
be
91%
come
91%
get
91%
love
91%
they
91%
away
90%
it's
90%
kill
90%
life
90%
touch
90%
forgot
89%
only
89%
ruining
89%
supposed
89%
wanna
88%
you're
87%
what
86%
flowers
85%
sent
85%
'Til
85%
'til
85%
wife
85%
him
84%
All
83%
new
82%
Run
82%
alcoholic
81%
into
81%
is
81%
up
81%
about
80%
Florida
80%
of
80%
touched
80%
won't
79%
endless
78%
forever
78%
good
78%
move
78%
Move
78%
noticed
78%
one
78%
want
78%
America
77%
cheating
77%
February
77%
functioning
77%
husband
77%
aesthetic
76%
are
76%
waters
76%
nobody
75%
reason
75%
pick
74%
Now
73%
say
73%
lost
72%
neighbors
71%
weather
71%
ask
70%
car
70%
hope
70%
okay
70%
this
70%
blame
69%
miracle
69%
treason?
69%
turned
69%
effects
68%
stuck
68%
temporary
68%
took
68%
buy
67%
mornings
67%
sometimes
67%
backyard
66%
drug
66%
here's
66%
quiet
66%
Mondays
65%
callin'
64%
start
64%
ya
62%
'Nother
57%
Thought
57%
together
57%
at
55%
mailbox
55%
sweater
41%
comment
35%
No matching quizzes found
Score Distribution
Percent of People with Each Score
Percentile by Number Answered
Your Score History
You have not taken this quiz